MARC

LEADER 00000nam0a2200000 4500
001 15660
005 20231101205030.0
010 |a 5244000926 
035 |a (RuTPU)RU\TPU\book\15772 
035 |a BOOK00000460 
090 |a 15660 
100 |a 20011209d1989 km y0rusy50 ca 
101 0 |a rus 
102 |a RU 
105 |a a z 000zy 
200 1 |a На заре человеческой истории  |f Ю. И. Семенов 
210 |a Москва  |c Мысль  |d 1989 
215 |a 318 с.  |c ил. 
606 1 |a Первобытное общество  |x История  |2 stltpush  |3 (RuTPU)RU\TPU\subj\58994  |9 76662 
610 1 |a история 
610 1 |a Всемирная история 
610 1 |a первобытный строй 
610 1 |a человек 
610 1 |a происхождение 
686 |a Т3(0)2  |v LBC/SL-A  |2 rubbk 
700 1 |a Семенов  |b Ю. И.  |g Юрий Иванович 
801 0 |a RU  |b 63413507  |c 20011209  |g PSBO 
801 2 |a RU  |b 63413507  |c 20230323  |g PSBO 
942 |c BK